| 000 | 00574nam a2200181Ia 4500 | ||
|---|---|---|---|
| 003 | GCL | ||
| 008 | 140319s9999 xx 000 0 ara d | ||
| 040 |
_aGCL / _cGCL |
||
| 082 | 0 | 4 |
_a071 _bا ص |
| 100 | 1 | _aابراهيم عبدالله المسلمى | |
| 245 | 1 | 0 |
_aالصحافة العربية فىالمهجر / _cابراهيم عبدالله المسلمى |
| 260 |
_a[S.N] : _bالعربى للنشر والتوزيع ، _c1992 |
||
| 300 | _a216 ص | ||
| 490 | _a | ||
| 650 | 0 | 4 | _aالصحافة العربية |
| 650 | 0 | 4 | _aالمهاجرون |
| 942 |
_2ddc _cBK |
||
| 999 |
_c53641 _d53641 |
||